[Event "1st Hangzhou WGM"]
[Site "Hangzhou CHN"]
[Date "2011.07.14"]
[Round "1"]
[White "Hou Yifan"]
[Black "Dzagnidze,N"]
[Result "1/2-1/2"]
[WhiteElo "2575"]
[BlackElo "2537"]
[EventDate "2011.07.14"]

1. e4 e5 2. Nf3 Nc6 3. Bb5 Nge7 4. Nc3 g6 5. d4 exd4 6. Nd5 Bg7 7. Bg5 h6
8. Bf6 Bxf6 9. Nxf6+ Kf8 10. O-O Kg7 11. Nd5 a6 12. Bxc6 Nxc6 13. Nxd4 Re8
14. Qd3 f6 15. f4 d6 16. Rae1 Nxd4 17. Qxd4 Be6 18. f5 Bxd5 19. exd5 Re5
20. Qb4 b5 21. fxg6 Qd7 22. Qh4 Rf8 23. Rf3 Rxd5 24. Rh3 Rh8 25. Rf3 Rf8
26. Rh3 Rh8 27. Rf3 Rf8 1/2-1/2

[Event "1st Hangzhou WGM"]
[Site "Hangzhou CHN"]
[Date "2011.07.14"]
[Round "1"]
[White "Harika,D"]
[Black "Zhao Xue"]
[Result "1/2-1/2"]
[WhiteElo "2513"]
[BlackElo "2470"]
[EventDate "2011.07.14"]

1. d4 e6 2. c4 Nf6 3. Nf3 b6 4. g3 Ba6 5. Qb3 c6 6. Bg5 Be7 7. Bxf6 Bxf6 8.
e4 O-O 9. Nc3 d6 10. O-O-O Qc7 11. g4 Nd7 12. g5 Be7 13. Kb1 Rab8 14. h4 b5
15. cxb5 cxb5 16. Bd3 Nb6 17. Qc2 Nc4 18. e5 b4 19. Na4 Rfe8 20. exd6 Bxd6
21. Nd2 Rec8 22. Nxc4 Bxc4 23. Qd2 Bd5 24. Rhf1 Bg2 25. Rg1 Bf4 26. Qe2 Qc6
27. Qh5 Qxa4 28. Rxg2 b3 29. Qxh7+ Kf8 30. a3 Qxd4 31. Qe4 Rd8 32. Rgg1 Be5
33. Qe2 Bf4 34. g6 Rd6 35. Bc4 Qe5 36. Qxe5 Bxe5 37. Rxd6 Bxd6 38. gxf7
Kxf7 39. Re1 Re8 40. Bxb3 Kf6 41. h5 Be5 42. Bc4 a5 43. b3 Bd4 44. Rg1 Re7
45. Rg4 Bc5 46. a4 Kf5 47. f3 Bb4 48. Kc2 Rc7 49. Kd3 Rd7+ 50. Ke3 Bd2+ 51.
Ke2 Bh6 52. Bd3+ Ke5 53. Rc4 Rd5 54. Rc6 Kf6 55. Bc4 Rxh5 56. Rxe6+ Kf5 57.
Re7 Rh2+ 58. Kd3 Rd2+ 59. Kc3 Rd6 60. Bd3+ Kf6 61. Ra7 Rc6+ 62. Bc4 Rd6 63.
Rf7+ Ke5 64. Re7+ Kf4 65. Be2 Bg5 66. Re4+ Kf5 67. Bd3 Kf6 68. b4 axb4+ 69.
Rxb4 Rc6+ 70. Bc4 Rd6 71. Rb5 Bd2+ 72. Kc2 Be1 73. Bd3 Re6 74. Rf5+ Ke7 75.
a5 Kd6 76. a6 Re7 77. Be4 Bf2 78. Rd5+ Kc7 79. Rb5 Kd6 80. Kd3 Ba7 81. Ke2
Re5 82. Rb3 Re8 83. Kf1 Rb8 84. Rd3+ Kc7 85. Rc3+ Kd7 86. Bb7 Rh8 87. Kg2
Bb8 88. Ra3 Kc7 89. Rb3 Ba7 90. f4 Rf8 91. Kg3 Bd4 92. Rd3 Rd8 93. Rb3 Kb8
94. Bf3+ Ka7 95. Be2 Rd7 96. Kg4 Rc7 97. Rb5 Re7 98. Bf1 Bb6 99. Rd5 Bc7
100. Rd4 Bb6 101. Rd5 Bc7 102. Bd3 Rf7 103. f5 Re7 104. Kg5 Be5 105. Kg6
Bc3 106. Rd6 Bb2 107. Bc4 Rc7 108. Bf1 Be5 109. Re6 Bc3 110. Bg2 Rd7 111.
Bb7 Rc7 112. Re3 Ba1 113. Re8 Kb6 114. Rd8 Bc3 115. Rd1 Be5 116. Rd5 Bc3
117. Rd8 Be5 118. Re8 Bc3 119. Re6+ Ka7 1/2-1/2

[Event "1st Hangzhou WGM"]
[Site "Hangzhou CHN"]
[Date "2011.07.14"]
[Round "1"]
[White "Kosintseva,T"]
[Black "Ju Wenjun"]
[Result "1/2-1/2"]
[WhiteElo "2557"]
[BlackElo "2515"]
[EventDate "2011.07.14"]

1. e4 c5 2. Nf3 d6 3. d4 cxd4 4. Nxd4 Nf6 5. Nc3 a6 6. Be3 Ng4 7. Bg5 h6 8.
Bh4 g5 9. Bg3 Bg7 10. Be2 h5 11. Bxg4 hxg4 12. Nd5 Nc6 13. Nf5 Bxf5 14.
exf5 Bxb2 15. Rb1 Qa5+ 16. Qd2 Bd4 17. Qxa5 Nxa5 18. c3 Bc5 19. Nc7+ Kd7
20. Nxa8 Rxa8 21. h3 gxh3 22. Rxh3 f6 23. Rh7 Rc8 24. Rb2 Ba3 25. Re2 d5
26. Rd2 Rc5 27. Rd3 Nc4 28. f4 gxf4 29. Bxf4 Rb5 30. g4 Bd6 31. Bxd6 Kxd6
32. Rh8 Ne5 33. Rd8+ Kc6 34. Re3 Rb1+ 35. Ke2 Rg1 36. Rg8 Kd6 37. Rd8+ Kc7
38. Rg8 Kd6 39. Rd8+ Kc7 40. Rg8 1/2-1/2

[Event "1st Hangzhou WGM"]
[Site "Hangzhou CHN"]
[Date "2011.07.15"]
[Round "2"]
[White "Dzagnidze,N"]
[Black "Ju Wenjun"]
[Result "0-1"]
[WhiteElo "2537"]
[BlackElo "2515"]
[EventDate "2011.07.14"]

1. d4 Nf6 2. c4 g6 3. g3 Bg7 4. Bg2 O-O 5. Nc3 d6 6. Nf3 Nc6 7. O-O Rb8 8.
b3 a6 9. Nd5 Bg4 10. Bb2 e6 11. Ne3 Bxf3 12. Bxf3 d5 13. Ng2 Ne7 14. Nf4
Nf5 15. e3 c6 16. Bg2 Re8 17. a4 h5 18. Nd3 Nd7 19. a5 Nf6 20. Qe2 Qc7 21.
Rfd1 Rbd8 22. Bc3 Nd6 23. Ra4 Nd7 24. Rc1 Qb8 25. Qc2 Rc8 26. Qb1 Rcd8 27.
Be1 Nf5 28. Ra2 Nf6 29. Re2 Bh6 30. Bc3 Ng4 31. Rce1 Qc7 32. Qb2 Bg7 33. e4
dxc4 34. Nc5 Nxd4 35. Rd2 Nxb3 36. Rxd8 Rxd8 37. Bxg7 Nxc5 38. h3 Nd3 39.
Qc3 e5 40. hxg4 Kxg7 41. Re3 hxg4 42. Qxc4 Rd4 43. Qb3 Nc5 44. Qc3 Qd6 0-1

[Event "1st Hangzhou WGM"]
[Site "Hangzhou CHN"]
[Date "2011.07.15"]
[Round "2"]
[White "Kosintseva,N"]
[Black "Harika,D"]
[Result "1/2-1/2"]
[WhiteElo "2560"]
[BlackElo "2513"]
[EventDate "2011.07.14"]

1. e4 e5 2. Nf3 Nc6 3. Bb5 Nf6 4. d3 d6 5. O-O Be7 6. c3 O-O 7. Nbd2 Re8 8.
Re1 Bd7 9. Nf1 Bf8 10. Ng3 h6 11. a4 a6 12. Bc4 Be6 13. Bxe6 Rxe6 14. c4 a5
15. Bd2 Nd7 16. Bc3 Nc5 17. d4 exd4 18. Nxd4 Nxd4 19. Bxd4 Qg5 20. Qc2 Rae8
21. Rad1 g6 22. Be3 Qf6 23. Bd4 Qg5 24. Be3 Qf6 25. Bd4 1/2-1/2

[Event "1st Hangzhou WGM"]
[Site "Hangzhou CHN"]
[Date "2011.07.16"]
[Round "3"]
[White "Kosintseva,T"]
[Black "Zhao Xue"]
[Result "1/2-1/2"]
[WhiteElo "2557"]
[BlackElo "2470"]
[EventDate "2011.07.14"]

1. e4 e5 2. Nf3 Nc6 3. Bb5 Nf6 4. O-O Nxe4 5. d4 Nd6 6. Bxc6 dxc6 7. dxe5
Nf5 8. Qxd8+ Kxd8 9. Nc3 Ke8 10. h3 h5 11. Bf4 Be7 12. Rad1 Nh4 13. Nxh4
Bxh4 14. Ne2 Be7 15. Rfe1 Bd7 16. Nd4 g5 17. e6 Bxe6 18. Nxe6 fxe6 19. Bxc7
Rh6 20. g4 Rc8 21. Bg3 Rd8 22. Rxd8+ Bxd8 23. Kg2 Kf7 24. Rd1 Ke8 25. b3
hxg4 26. hxg4 Bb6 27. Be5 Rh4 28. Kg3 Rh7 29. f3 Ke7 30. Re1 Bc5 31. Rd1
Bb6 32. c3 a6 33. Kg2 Ke8 34. c4 Ke7 35. Kg3 Ke8 36. Kg2 Ke7 37. b4 Ke8 38.
a3 Rd7 39. Rxd7 Kxd7 40. Kg3 Be3 41. a4 b5 42. cxb5 cxb5 43. axb5 axb5 44.
f4 Bd2 45. fxg5 Bxb4 46. g6 Ke7 47. Kf3 Kf8 48. Ke4 Kg8 49. Kd4 Bf8 50. Bf6
Bb4 51. g5 Bd6 52. Kc3 Bc5 53. Kb3 Bd6 54. Kc3 e5 55. Bxe5 Bxe5+ 56. Kb4
Kg7 57. Kxb5 Kxg6 58. Kc4 Kxg5 1/2-1/2

[Event "1st Hangzhou WGM"]
[Site "Hangzhou CHN"]
[Date "2011.07.16"]
[Round "3"]
[White "Harika,D"]
[Black "Hou Yifan"]
[Result "1/2-1/2"]
[WhiteElo "2513"]
[BlackElo "2575"]
[EventDate "2011.07.14"]

1. d4 e6 2. c4 Nf6 3. g3 d5 4. Nf3 Bb4+ 5. Bd2 Be7 6. Bg2 O-O 7. O-O c6 8.
Qc2 b6 9. Rd1 Nbd7 10. Bf4 Bb7 11. Nc3 dxc4 12. Nd2 Nd5 13. Nxc4 Nxf4 14.
gxf4 Qc7 15. e3 Rad8 16. a3 c5 17. d5 exd5 18. Nxd5 Bxd5 19. Rxd5 b5 20.
Ne5 Nxe5 21. Rxe5 Bd6 22. Rd5 Be7 23. Re5 Bd6 24. Rd5 Be7 1/2-1/2

[Event "1st Hangzhou WGM"]
[Site "Hangzhou CHN"]
[Date "2011.07.18"]
[Round "5"]
[White "Harika,D"]
[Black "Dzagnidze,N"]
[Result "1/2-1/2"]
[WhiteElo "2513"]
[BlackElo "2537"]
[EventDate "2011.07.14"]

1. Nf3 d5 2. d4 Nf6 3. c4 e6 4. Nc3 c6 5. Bg5 Nbd7 6. Qb3 h6 7. Bh4 Be7 8.
e3 O-O 9. Be2 b6 10. cxd5 exd5 11. Qc2 Bb7 12. O-O Re8 13. Rad1 Nh5 14.
Bxe7 Qxe7 15. Rfe1 Nhf6 16. Nh4 Ne4 17. g3 Ndf6 18. Bf1 Qe6 19. f3 Nd6 20.
e4 g5 21. exd5 Qd7 22. Ng2 Nxd5 23. Nxd5 cxd5 24. Bd3 Rac8 25. Qf2 Rxe1+
26. Rxe1 Re8 27. b3 Bc6 28. Rxe8+ Qxe8 29. Qe3 Qe6 30. Kf2 Kf8 31. Qe5 Ke7
32. Ne3 f6 33. Qxe6+ Kxe6 34. g4 a5 35. Ke1 Bb7 36. Kd2 Bc6 37. a4 Kf7 38.
Kc3 Ke6 39. Kd2 Kf7 40. Kc3 Ke6 1/2-1/2

[Event "1st Hangzhou WGM"]
[Site "Hangzhou CHN"]
[Date "2011.07.18"]
[Round "5"]
[White "Kosintseva,T"]
[Black "Hou Yifan"]
[Result "1-0"]
[WhiteElo "2557"]
[BlackElo "2575"]
[EventDate "2011.07.14"]

1. e4 c5 2. Nf3 e6 3. d4 cxd4 4. Nxd4 a6 5. Bd3 Nf6 6. O-O e5 7. Bg5 h6 8.
Bxf6 Qxf6 9. Nf5 d5 10. Nc3 d4 11. Nd5 Qd8 12. Bc4 Nc6 13. f4 Na5 14. Qd3
Bxf5 15. exf5 Rc8 16. Bb3 Nxb3 17. Qxb3 Bc5 18. fxe5 O-O 19. Kh1 Qd7 20. f6
g5 21. Qf3 Kh7 22. c4 dxc3 23. Nxc3 Rfd8 24. Rad1 Qe6 25. Qxb7 Kg8 26. Qe4
Bf8 27. h3 Rb8 28. b3 Re8 29. Rd5 Rb4 30. Qd3 Rh4 31. Ne4 Rc8 32. Nd6 Rc3
33. Qxc3 Qxd5 34. Nf5 Re4 35. Qc8 Qb5 36. Ne7+ Kh7 37. Rg1 Bxe7 38. Qf5+
1-0

[Event "1st Hangzhou WGM"]
[Site "Hangzhou CHN"]
[Date "2011.07.20"]
[Round "6"]
[White "Dzagnidze,N"]
[Black "Zhao Xue"]
[Result "1/2-1/2"]
[WhiteElo "2537"]
[BlackElo "2470"]
[EventDate "2011.07.14"]

1. d4 Nf6 2. c4 e6 3. Nc3 Bb4 4. Qc2 d5 5. cxd5 exd5 6. Bg5 Nbd7 7. e3 c5
8. Bd3 h6 9. Bh4 cxd4 10. exd4 O-O 11. Nge2 Nb6 12. O-O Bd7 13. Qb3 Be7 14.
Bxf6 Bxf6 15. Nxd5 Bxd4 16. Nxd4 Ba4 17. Qa3 Qxd5 18. Nf5 Rfe8 19. Rfe1
Rad8 20. Qc3 f6 21. Qc7 Qd7 22. Qg3 Kf8 23. h3 a6 24. Rac1 Bc6 25. Bc2 Nd5
26. Rcd1 Rxe1+ 27. Rxe1 Qc7 28. Qg6 Qf7 29. Qg4 Re8 30. Rxe8+ Bxe8 31. Bb3
Bc6 32. Nd6 f5 33. Nxf5 Qf6 34. Nd4 Ke7 35. Nf5+ Kf8 36. Nd4 Ke7 37. Nxc6+
bxc6 38. Qe2+ Kd6 39. Bxd5 Kxd5 40. Qd2+ Kc5 41. Qa5+ Kd6 42. Qb6 a5 43. a4
Qg5 44. Qd4+ Kc7 45. h4 Qg6 46. g3 Kb7 47. Qe5 Ka6 48. Kg2 h5 49. Qe2+ Kb6
50. Qe3+ Ka6 51. Qe5 Qf7 52. Qe2+ Kb7 53. Kg1 g6 54. Qe5 Ka6 55. Qe4 Qf6
56. Qc4+ Kb6 57. Qb3+ Ka6 58. Qd3+ Kb6 59. b3 Kc5 60. Qd2 Kb6 61. Kg2 Qf5
62. Qd4+ Kb7 63. b4 axb4 64. Qxb4+ Ka6 65. Qc4+ Kb6 66. Kf1 Qe5 67. Qb3+
Ka5 68. Qb7 Qa1+ 69. Ke2 Qxa4 70. Ke3 Qa3+ 71. Ke2 Qa2+ 72. Kf1 Qd5 73. Kg1
Qd1+ 74. Kg2 Qd5+ 75. Kg1 Qe6 76. Qa7+ Kb5 77. Qb8+ Kc5 78. Qb1 Qf5 79. Qb7
Kd5 80. Qa8 Qe4 81. Kf1 Qe6 82. Kg2 Ke5 83. Qb8+ Qd6 84. Qb2+ Ke6 85. Qg7
Kd5 86. Qb7 Ke6 87. Qg7 Qd5+ 88. Kg1 Qd1+ 89. Kh2 Qc2 90. Qg8+ Kd6 91. Qb8+
Kd5 92. Qg8+ Kd4 93. Qg7+ Kc4 94. Qf7+ Kc3 95. g4 hxg4 96. Qf6+ Kb4 97.
Qf4+ Kb3 98. Kg3 c5 99. Qxg4 Qd3+ 100. f3 Qd6+ 101. f4 c4 102. h5 gxh5 103.
Qxh5 Qd3+ 104. Kh4 c3 105. Qf7+ Qc4 106. Qb7+ Ka2 107. Qa7+ Kb2 108. Qb6+
Ka1 109. Qa5+ Kb1 110. Qb6+ Ka2 111. Qa5+ Kb2 112. Qb6+ Qb3 113. Qd4 Ka2
114. Qa7+ Qa3 115. Qf2+ Kb3 116. Qe3 Qd6 117. f5 Kb2 118. Qf2+ c2 119. f6
Qb4+ 120. Kh5 Qb5+ 121. Kg6 Kb1 122. Qxc2+ Kxc2 123. f7 Qc5 124. Kg7 Qg5+
125. Kh7 Qe7 126. Kg8 Qg5+ 127. Kh7 Qf6 128. Kg8 Qg6+ 129. Kh8 Qxf7 1/2-1/2

[Event "1st Hangzhou WGM"]
[Site "Hangzhou CHN"]
[Date "2011.07.20"]
[Round "6"]
[White "Hou Yifan"]
[Black "Ju Wenjun"]
[Result "0-1"]
[WhiteElo "2575"]
[BlackElo "2515"]
[EventDate "2011.07.14"]

1. e4 c5 2. Nc3 d6 3. Nge2 e5 4. g3 g6 5. Bg2 Bg7 6. d3 Ne7 7. Be3 Nbc6 8.
Qd2 Nd4 9. h3 Be6 10. f4 Qb6 11. Nd1 O-O 12. O-O d5 13. c3 Nxe2+ 14. Qxe2
d4 15. Bf2 Qd6 16. Be1 f5 17. cxd4 cxd4 18. Nf2 Rae8 19. Bd2 exf4 20. Bxf4
Qd7 21. Kh2 h6 22. a3 g5 23. Bd2 Be5 24. Nh1 Qd6 25. Bb4 Qb8 26. Qh5 Kg7
27. exf5 Bxf5 28. Be4 Bxe4 29. dxe4 Bd6 30. Bxd6 Qxd6 31. Nf2 Qg6 32. Qe2
Nc6 33. Kg2 a6 34. Rae1 Ne5 35. Rd1 Qb6 36. b4 Rc8 37. Ng4 d3 38. Qe1 Rc2+
39. Rd2 Rxf1 40. Kxf1 Nxg4 41. hxg4 Qf6+ 42. Rf2 d2 43. Qd1 Qd4 44. Kg2
Qxe4+ 45. Kh3 Qe1 46. Rf1 Qxd1 47. Rxd1 Kf6 48. Kg2 Ke5 49. Kf2 Kd4 50. Ke2
Kc3 51. a4 b5 52. axb5 axb5 53. Ra1 Rc1 54. Ra3+ Kxb4 0-1

[Event "1st Hangzhou WGM"]
[Site "Hangzhou CHN"]
[Date "2011.07.21"]
[Round "7"]
[White "Kosintseva,T"]
[Black "Harika,D"]
[Result "0-1"]
[WhiteElo "2557"]
[BlackElo "2513"]
[EventDate "2011.07.14"]

1. e4 e5 2. Nf3 Nc6 3. Bc4 Nf6 4. Ng5 d5 5. exd5 Na5 6. Bb5+ c6 7. dxc6
bxc6 8. Be2 h6 9. Nf3 e4 10. Ne5 Bc5 11. c3 Bd6 12. d4 exd3 13. Nxd3 O-O
14. O-O Re8 15. b3 Bf5 16. Be3 Nd5 17. Bd4 c5 18. Nxc5 Bxc5 19. Bxc5 Bxb1
20. Bf3 Be4 21. Bxe4 Rxe4 22. Qd3 Rg4 23. g3 Nb7 24. Bxa7 Rxa7 25. Rfd1 Nc5
26. Qb5 Qb6 27. Qe8+ Kh7 28. Rxd5 Ne4 29. Rd4 Nxf2 30. Kxf2 Rxd4 31. cxd4
Qxd4+ 32. Qe3 Qb2+ 33. Kf3 Ra5 34. Re1 Qxh2 35. a4 Rf5+ 36. Ke4 Qc2+ 37.
Kd4 Qc5+ 38. Kd3 Rd5+ 0-1

[Event "1st Hangzhou WGM"]
[Site "Hangzhou CHN"]
[Date "2011.07.21"]
[Round "7"]
[White "Zhao Xue"]
[Black "Kosintseva,N"]
[Result "1/2-1/2"]
[WhiteElo "2470"]
[BlackElo "2560"]
[EventDate "2011.07.14"]

1. d4 Nf6 2. c4 e6 3. Nc3 Bb4 4. Qc2 O-O 5. e4 d5 6. e5 Ne4 7. Bd3 c5 8.
Nf3 cxd4 9. Nxd4 Nd7 10. Bf4 Ndc5 11. O-O Bxc3 12. bxc3 Bd7 13. Be2 Na4 14.
cxd5 exd5 15. Bd3 Rc8 16. c4 h6 17. Rac1 Nac3 18. Bxe4 Nxe4 19. Qd3 Qa5 20.
Nb3 Qa6 21. Qxd5 Bf5 22. f3 Rfd8 23. Qa5 Qxa5 24. Nxa5 Nc5 25. Be3 Rd7 26.
Rcd1 Rxd1 27. Rxd1 b6 28. Nb3 Bc2 29. Rd2 Bxb3 30. Bxc5 Bxc4 31. Be7 Be6
32. a3 Rc7 33. Bd6 Rc4 34. Kf2 h5 35. Ke3 Kh7 36. Rd4 Rc2 37. Rd2 Rc4 38.
Rd4 Rc2 39. Rd2 Rc4 1/2-1/2

[Event "1st Hangzhou WGM"]
[Site "Hangzhou CHN"]
[Date "2011.07.22"]
[Round "8"]
[White "Hou Yifan"]
[Black "Zhao Xue"]
[Result "1/2-1/2"]
[WhiteElo "2575"]
[BlackElo "2470"]
[EventDate "2011.07.14"]

1. e4 e5 2. Nf3 Nc6 3. Bc4 Bc5 4. c3 Nf6 5. d4 exd4 6. cxd4 Bb4+ 7. Bd2
Bxd2+ 8. Nbxd2 d5 9. exd5 Nxd5 10. Qb3 Nce7 11. O-O O-O 12. Rfe1 c6 13. Ne4
h6 14. Ne5 Qb6 15. Nc5 Qxb3 16. Bxb3 Rd8 17. Rac1 Kf8 18. f3 Nf5 19. Rcd1
Nd6 20. Bxd5 cxd5 21. b3 b6 22. Ncd3 Bb7 23. Rc1 Rac8 24. Rxc8 Rxc8 25. Rc1
Rxc1+ 26. Nxc1 f6 27. Ned3 Nf5 28. Ne2 Ba6 29. Ndc1 g5 30. Kf2 h5 31. Nc3
Ne7 32. g3 Kf7 33. N1e2 Ke6 34. Ke3 Nf5+ 35. Kf2 Kd6 36. h3 Ng7 37. g4 hxg4
38. hxg4 Ne6 39. Ke3 Kc6 40. Ng3 Ng7 41. Nh5 Ne8 42. f4 Bc8 43. f5 Bd7 44.
Ng3 Kd6 45. Kd2 Nc7 46. Nh5 Ne8 47. Ng3 Nc7 48. Nh5 Ne8 49. Ng3 1/2-1/2

[Event "1st Hangzhou WGM"]
[Site "Hangzhou CHN"]
[Date "2011.07.22"]
[Round "8"]
[White "Harika,D"]
[Black "Ju Wenjun"]
[Result "1/2-1/2"]
[WhiteElo "2513"]
[BlackElo "2515"]
[EventDate "2011.07.14"]

1. d4 Nf6 2. g3 g6 3. Bg2 d5 4. Nf3 Bg7 5. O-O O-O 6. c4 c6 7. b3 Bf5 8.
Bb2 Nbd7 9. e3 a5 10. Nc3 Ne4 11. Nxe4 Bxe4 12. Bh3 Bxf3 13. Qxf3 e6 14. a4
Re8 15. Qe2 f5 16. Bg2 Nf6 17. Rfd1 h5 18. f3 Bh6 19. e4 h4 20. gxh4 Nh5
21. Qe1 Kh7 22. Bc1 g5 23. hxg5 Bxg5 24. Ra2 Bxc1 25. Rxc1 Qg5 26. Rcc2 Re7
27. h4 Qg7 28. Qe3 Rg8 29. Re2 Ng3 30. exf5 Nxe2+ 31. Rxe2 Rge8 32. Qf4 Rf8
33. Re5 Rg8 34. Qg5 Qf7 35. fxe6 Rxe6 36. Qh5+ Qxh5 37. Rxh5+ Rh6 38. Rxh6+
Kxh6 39. cxd5 cxd5 40. Kf2 Rc8 41. f4 Rc2+ 42. Kf1 Rd2 43. Bxd5 Rxd4 44.
Bxb7 Rd3 45. Ke2 Rxb3 46. Bc6 Rh3 47. Be8 Rxh4 48. Ke3 Kg7 49. Kd4 Rxf4+
50. Kc5 Kf8 51. Bb5 Rf6 52. Bd3 Ke7 53. Kb5 Kd6 54. Kxa5 1/2-1/2

[Event "1st Hangzhou WGM"]
[Site "Hangzhou CHN"]
[Date "2011.07.22"]
[Round "8"]
[White "Dzagnidze,N"]
[Black "Kosintseva,N"]
[Result "1/2-1/2"]
[WhiteElo "2537"]
[BlackElo "2560"]
[EventDate "2011.07.14"]

1. d4 Nf6 2. c4 e6 3. Bg5 Bb4+ 4. Nc3 c5 5. d5 d6 6. Qc2 exd5 7. cxd5 h6 8.
Bh4 Nbd7 9. Nf3 O-O 10. Nd2 Ne5 11. e3 Ng6 12. Bg3 Bxc3 13. bxc3 Nxd5 14.
Rd1 Nf6 15. Nb3 d5 16. Nxc5 Qe7 17. Nb3 Bg4 18. Rd4 Rac8 19. Bd3 Ne5 20.
Bh4 Be6 21. Ra4 Nxd3+ 22. Qxd3 Rc4 23. Bxf6 Qxf6 24. Rxa7 Rxc3 25. Qd2 Rfc8
26. O-O Qg6 27. Rxb7 Rc2 28. Qd1 Bf5 29. Qf3 d4 30. Rb4 Be4 31. Qg3 d3 32.
Rd4 Rxa2 33. Qxg6 Bxg6 34. e4 Rc3 35. Nc1 Rac2 36. Nxd3 Rd2 37. f3 Rcxd3
38. Rxd3 Rxd3 39. Kf2 Kf8 40. Ra1 Ke7 41. Ra2 f6 42. Kg3 Bf7 43. Ra7+ Rd7
44. Ra6 Be6 45. Ra8 Rd2 46. h4 Bc4 47. Ra7+ Kf8 48. Ra1 Kf7 49. Rc1 Be2 50.
Kf4 Bb5 51. Rc7+ Rd7 52. Rc5 Bf1 53. Rc1 Bb5 54. h5 Rd2 55. Rc7+ Kf8 56.
Rc8+ Ke7 57. Rc7+ Bd7 58. g4 Rd3 59. Ra7 Rb3 60. Rc7 Ke6 61. Kg3 Ra3 62.
Rb7 Bc6 63. Rb6 Kd6 64. Kf4 Kc5 65. Rb8 Kd6 66. Rg8 Ra7 67. Kf5 Ra3 68. Kf4
Ra7 69. Kf5 Ra3 70. Kf4 Bb5 71. Rxg7 Be2 72. Kf5 Rxf3+ 73. Kg6 Rf4 74. Kxh6
Bxg4 75. Kg6 Bf3 76. Ra7 Bxe4+ 77. Kg7 f5 78. h6 Rg4+ 79. Kf6 Rh4 80. h7 f4
81. Kg5 Rh1 82. Kxf4 Bxh7 83. Ra6+ Kd5 84. Ra5+ Kd4 85. Ra4+ Kd3 86. Ra3+
Kd2 87. Ra2+ Bc2 88. Rb2 Rf1+ 89. Ke5 Kc3 90. Ra2 Rf5+ 91. Ke6 Rh5 92. Kd6
Bd3 93. Ra1 Kd4 94. Rd1 Rh6+ 95. Ke7 Ke4 96. Kd7 Bc4 97. Rd6 Rh7+ 98. Kc6
Rh5 99. Rg6 Bd5+ 100. Kd6 Kd4 101. Rf6 Be4 102. Re6 Ra5 103. Ke7 Bf5 104.
Re1 Ra6 105. Kf7 Be4 106. Rc1 Ke5 107. Rc7 Bd5+ 108. Kg7 Ra1 109. Rc5 Rg1+
110. Kh7 Ke6 111. Ra5 Kf7 112. Kh6 Ke6 113. Kh5 Ke5 114. Rb5 Ke4 115. Ra5
Bf7+ 116. Kh4 Kf4 117. Ra4+ Kf5 118. Ra5+ Kf6 119. Kh3 Be6+ 120. Kh2 Rg4
121. Rb5 Bf5 122. Rb3 Rh4+ 123. Kg3 Kg5 124. Rf3 Bg4 125. Re3 Rh3+ 126. Kf2
Rh1 127. Re4 Bf5 128. Ra4 Rh3 129. Rb4 Bd3 130. Kg2 Re3 131. Kf2 Re2+ 132.
Kf3 Re8 133. Ra4 Bb5 134. Rg4+ Kh5 135. Rg1 Bc6+ 136. Kf4 Re2 137. Rg5+ Kh6
138. Re5 Rxe5 1/2-1/2

[Event "1st Hangzhou WGM"]
[Site "Hangzhou CHN"]
[Date "2011.07.23"]
[Round "9"]
[White "Kosintseva,N"]
[Black "Hou Yifan"]
[Result "0-1"]
[WhiteElo "2560"]
[BlackElo "2575"]
[EventDate "2011.07.14"]

1. e4 e6 2. d4 d5 3. Nc3 Bb4 4. e5 c5 5. a3 Bxc3+ 6. bxc3 Ne7 7. Qg4 Qc7 8.
Qxg7 Rg8 9. Qxh7 cxd4 10. Ne2 Nbc6 11. f4 dxc3 12. Nxc3 a6 13. Qd3 Bd7 14.
Bd2 O-O-O 15. g3 Nf5 16. Bg2 Na5 17. Bh3 Bc6 18. Bxf5 exf5 19. Qxf5+ Kb8
20. Qd3 d4 21. Ne4 f5 22. Nf2 Bxh1 23. Nxh1 Rh8 24. h4 Nc4 25. Kf1 Qc6 26.
Nf2 Rhg8 27. g4 fxg4 28. Re1 Nxd2+ 29. Qxd2 Qf3 30. Qd3 Qxf4 31. Qe4 Qh2
32. Qg2 g3 33. Ne4 Rg4 0-1